Quizzes
Events
Quiz Creation
Community
Videos
Private Events
Remove Ads
Sign In
Join for FREE
Feedback
Dark Mode
Quiz Categories
Sports
Geography
Music
Movies
Television
Just For Fun
Miscellaneous
History
Literature
Language
Science
Gaming
Entertainment
Religion
Holiday
For Kids
Quiz Lab
Recent
Popular Today
Quiz Kudos Today
Editor Picks
Curator Picks
Quizzes by...
Day
Popularity
Type
Ratings
Length
Year
Community
Subscriptions
Recent Discussions
Orange Saloon
Badges
Playlists
Quests
Create
Leaderboards
Showdown
Live 5
Trivia Bingo
Activity
Puzzle Library
Sporcle Events
Private Events
Virtual Trivia
Globe League
Become a Host
Pub Owners
SporcleCon
Opinionation
Our Games
Videos
Blog
Mobile Apps
Partnerships
Remove Ads and Go Orange
Feedback
Music
Pop Music
The Beatles
Song
Album
Lyrics
Bands
Singers
Artist
Clip
Rock
Rap
Classical
Billboard
Country Music
Kpop
Taylor Swift
Music
Pop Music
The Beatles
Song
Album
Lyrics
Bands
Singers
Artist
Clip
Rock
Rap
Classical
Billboard
Country Music
Kpop
Taylor Swift
Random Quiz
Search Sporcle
×
Quiz Lab
Quiz Lab
Music
Song
Type in answers that appear in a list
Type in answers that appear in a list
Classic
Best Score? Go Orange.
Finish the Lyrics: Taylor Swift Stats
Can you name the Finish the Lyrics: Taylor Swift?
By
SmileToMyFace
10m
15 Questions
1,577 Plays
1,577 Plays
1,577 Plays
Comments
Comments
Give Quiz Kudos
Give Quiz Kudos
-
- Ratings
hide this ad
Replay
Link that replays current quiz
Next Quiz
Link to next quiz in quiz playlist
You Got
0%
They Got
Avg Score
38%
Avg Friend Score
Upgrade to see
Score Distribution
Jump to the score distribution portion of the page
Score
0/15
Timer
10:00
0
Plays Today
Prior Line
Next Line
% Correct
I'm not a princess
This ain't a fairy tale
78.1%
I almost didn't notice all the roses
And the note that said
70.1%
And you know I wanna ask you to dance right there
In the middle of the parking lot
66.8%
With you and your worn out jeans
I can't help thinking this is how it ought to be
56.6%
Is this in my head, I don't know what to think-
He knelt to the ground and pulled out a ring and said
55%
I'll bet she's beautiful, that girl he talks about
And she's got everything that I have to live without
42.2%
You can see that I've been crying
And baby you know all the right things to say
39.4%
And now that I'm sitting here thinking it through
I've never been anywhere cold as you
33.8%
Prior Line
Next Line
% Correct
That had a tendency of gettin' stuck
On backroads at night
30.8%
He’d never tell you, but he can play guitar
I think he can see through everything but my heart
24.8%
And if you're missing me
You'd better keep it to yourself
24.5%
Talk to the wind, talk to the sky
Talk to the man with the reasons why
23.6%
You got the keys to me
I love each freckle on your face
19.8%
Feeling lucky today, got the sunshine
Could you tell me what more do I need
8.2%
And the battle was long, it’s the fight of our lives
But we’ll stand up champions tonight
4.7%
Quiz Playlist
Details
Report
Send in Message
Add To Playlist
Classic:
Type in answers that appear in a list
Last Updated: Feb 16, 2017
Quiz Scoreboard
CHALLENGE
Sign Up to Join the Scoreboard
Show All
Scores
Hide
Comments
May contain spoilers
Recently Published
College Basketball Coaching Resumes
by pancakes188
Sports
9m
Billboard Blitz: Fleetwood Mac
by CooCooCachoo
Music
15s
Presidents Visiting Landmarks
by Hejman
History
7m
More to Explore
Quiz From the Vault
Featured Blog Post
Where Did the Easter Bunny Come From?
hide this ad
You Might Also Like...
Tags
Lyrics Quiz
Song Quiz
Taylor Swift Quiz
finish
Next
prior
Today's Top Quizzes in Music
Browse Music
hide this ad
Today's Top Quizzes in Song
Browse Song
Top Contributed Quizzes in Music
1
Taylor Swift All Songs (2024)
2
7-to-1: Billboard Hot 100 #1 Hits of 2010s
3
Guess the Artist- 70s Songs
4
Sorting Albums and Songs
5
Taylor Swift Logic Puzzle
6
KPOP LOGIC QUIZ
7
Guess the Taylor Swift song (Mystery Song)
8
2010s Album by Cover III
9
One Thing in Common: Music
10
Guess The Taylor Swift Lyrics Song #1
Explore More
Trending Topics
Disney
Harry Potter
Crossword
Marvel
Anime
Kpop
NBA
Soccer
NFL
Country
WWE
Pokémon
The Office
Song
Puzzle
hide this ad
More By:
SmileToMyFace
Quiz
Plays
Rating
Category
Featured
Created
Finish the Lyrics: Taylor Swift
1,577
3.43
Music
Jun 19, 2010
Finish the Lyrics: John Mayer
1,509
4.50
Music
Apr 16, 2010
Finish the Lyrics: Red Hot Chili Peppers
1,215
5.00
Music
Apr 16, 2010
Top 40 Pop Songs
300
2.00
Music
Apr 23, 2010
Finish the Lyrics: Hurt Feelings (FOTC)
285
4.50
Music
Jun 20, 2010
Go to Creator's Profile
Score Distribution
Quiz Creator Spotlight
SmileToMyFace
Follow
Send a Message
Quizzes Created
-
Created Quiz Play Count
-
More By This Creator
Popular Quizzes Today
1
Find the US States - No Outlines Minefield
2
Find the Countries of Europe - No Outlines Minefield
3
The Countries of the World
4
Find the US States
5
Risky Map Clicking: Biggest States A-Z
6
US States
7
Popular People in 1961
8
Movies - When Are They Set?
More Music Quizzes
Missing Word Crossword: Classical Music
Published
Trending Quizzes
Risky Map Clicking: Least Populous States A-Z
1-10 Letter G Words
1-10 Letter F Words
Risky Map Clicking: Next State Alphabetically
Risky Map Clicking: Biggest States A-Z
Recently Updated
Leaping Animals
pecheneg
Reality TV Shows (A-Z)
bhenderson79
Rickey Henderson's Hall of Fame Teammates
pecheneg
Champions League XIs: Arsenal
pecheneg
Quick Pick: Celebrities in WWE's Hall of Fame
aduchscher
A-Z Keypad Blitz II
pecheneg
Multiple Oscar Actors
pecheneg
Mystery Phrase Blitz: Oscar 'Best Actors'
pecheneg
F. Scott Fitzgerald Novels
LTH
Pick 3 Villains
ddd62291
Trending Topics
Crossword
NBA
Disney
Kpop
Anime
Marvel
Harry Potter
The Office
WWE
Country
Pokémon
Song
NFL
Puzzle
Soccer
Your Account Isn't Verified!
In order to create a playlist on Sporcle, you need to verify the email address you used during registration. Go to your
Sporcle Settings
to finish the process.
Report this User
Report this user for behavior that violates our
Community Guidelines
.
Details:
Send Report
Go to the Sporcle.com Mobile Site →
Comments